Missing Word: First Book in a Series Quiz Stats

Quiz Updated Oct 23, 2015

Challenge
Share
Tweet
Embed
Score 0/20 Timer 04:00
0 Plays Today
Book Missing Word % Correct
50 _____ of GrayShades
98%
The Girl With the _____ TattooDragon
97.2%
A _____ of ThronesGame
96.1%
The Lion, The _____, and The WardrobeWitch
95.8%
The _____ GamesHunger
95.4%
_____ & DemonsAngels
95.2%
Harry Potter and the _____ StoneSorcerer's
89.5%
The _____ CompassGolden
83.1%
The _____ of the Traveling PantsSisterhood
77.6%
_____ With the VampireInterview
75.8%
Book Missing Word % Correct
The _____ of the RingFellowship
75%
A _____ in TimeWrinkle
59.2%
The Lightning _____Thief
55.2%
I Am Number _____Four
51.3%
_____ GameEnder's
46.4%
The _____ RunnerMaze
41.7%
The Bad _____ Beginning
19%
City of _____Bones
18.2%
The _____ of the WindName
10.5%
_____ Before DarkDinosaurs
8.7%

Today's Daily Dose

You're not logged in!

Compare scores with friends on all Sporcle quizzes.
Sign Up with Email
OR
Log In

You Might Also Like...

Show Comments

Extras

Top Quizzes Today


Score Distribution

Your Account Isn't Verified!

In order to create a playlist on Sporcle, you need to verify the email address you used during registration. Go to your Sporcle Settings to finish the process.